Catalog

Record Details

Catalog Search



Lost and found  Cover Image Book Book

Lost and found / text, Jennifer Moore-Mallinos ; illustrations, Marta Fàbrega.

Moore-Mallinos, Jennifer. (Author). Fábrega, Marta. (Added Author).

Summary:

Lost and found tells the story of a child who gets lost in a crowd of strangers. Her eyes fill with tears and she starts to get scared. But she is lucky for she is approached by a police officer. He helps her find her Mom and Dad.

Record details

  • ISBN: 0764135104
  • ISBN: 9780764135101
  • Physical Description: 31 pages : chiefly color illustrations ; 24 cm.
  • Publisher: Hauppauge, NY : Barron's, c2006.
Subject: Missing children > Juvenile fiction.
Children and strangers > Juvenile fiction.
Safety education > Juvenile fiction.
Public spaces > Juvenile fiction.

LDR 01289cam a2200313Ia 4500
001129430
003CONS
00520140703073305.0
008060928s2006 nyua j 000 1 eng d
020 . ‡a0764135104
020 . ‡a9780764135101
035 . ‡a(CPomAG)LMN499003
0411 . ‡aeng ‡hspa
08214. ‡a[Fic] ‡222
1001 . ‡aMoore-Mallinos, Jennifer.
24510. ‡aLost and found / ‡ctext, Jennifer Moore-Mallinos ; illustrations, Marta Fàbrega.
260 . ‡aHauppauge, NY : ‡bBarron's, ‡cc2006.
300 . ‡a31 pages : ‡bchiefly color illustrations ; ‡c24 cm.
440 0. ‡aLet's talk about it!
520 . ‡aLost and found tells the story of a child who gets lost in a crowd of strangers. Her eyes fill with tears and she starts to get scared. But she is lucky for she is approached by a police officer. He helps her find her Mom and Dad.
650 0. ‡aMissing children ‡vJuvenile fiction.
650 0. ‡aChildren and strangers ‡vJuvenile fiction.
650 0. ‡aSafety education ‡vJuvenile fiction.
650 0. ‡aPublic spaces ‡vJuvenile fiction.
7001 . ‡aFábrega, Marta.
7300 . ‡aPerdida y encontrada. ‡lEnglish
914 . ‡dLMN_cm
959 . ‡i32269000780182 ‡lE Moo ‡aJuvenile - Easy ‡tEasy ‡g18.00
852 . ‡p32269000780182 ‡jE Moo ‡gJuvenile - Easy ‡cEasy ‡y18.00 ‡bSBPL
901 . ‡a129430 ‡bUnknown ‡c129430 ‡tbiblio

Additional Resources